| 000 | 00598nam a2200193 4500 | ||
|---|---|---|---|
| 005 | 20260630113422.0 | ||
| 008 | 260630b |||||||| |||| 00| 0 eng d | ||
| 020 | _a9971950316 | ||
| 100 | _aBogolubov N. N | ||
| 245 |
_aIntroduction to Quantum Statistical Mechanism _c/N.N Bogolubov and N.N. Bogolubov, jr. |
||
| 260 |
_aHackensack _bWorld Scientific Publishing _c1982 |
||
| 300 |
_aviii, 299p. _billus. |
||
| 500 | _ait includes index | ||
| 650 | _aQuantum Statistics | ||
| 650 | _aStatistical mechanisms | ||
| 650 |
_aQuantum theory _92120 |
||
| 700 | _aN.N. Bogolubov, jr. | ||
| 942 | _cBK | ||
| 999 |
_c41574 _d41574 |
||